| 000 | 00752nam a2200229 a 4500 | ||
|---|---|---|---|
| 005 | 20151117033003.0 | ||
| 008 | 140226b1995 ck ||||| |||| 00| 0 spa d | ||
| 040 |
_aCO-BoIAVH _cCO-BoIAVH |
||
| 041 | _aspa | ||
| 044 | _ack | ||
| 090 |
_aLB _b01215 |
||
| 100 |
_aRojas, Lina María _911377 |
||
| 245 | _aSecamiento de la palma de cera Ceroxylon quindiuense y su relación con los procesos de alternación antrópica en los bosques andinos colombianos | ||
| 260 |
_aSalento (Quindío) _bFundación Herencia Verde _c1995 |
||
| 300 | _a36 p. | ||
| 650 |
_aPalma de cera _942068 |
||
| 650 |
_aImpacto humano _93679 |
||
| 650 |
_aBosque andino _93789 |
||
| 650 |
_aFitosanidad _97668 |
||
| 650 |
_aDistribución geográfica _942069 |
||
| 942 |
_cINFORME _2z |
||
| 999 |
_c1225 _d1225 |
||